Public library service in Delhi (Record no. 142120)

MARC details
000 -LEADER
fixed length control field 00888nam a2200265Ia 4500
003 - CONTROL NUMBER IDENTIFIER
control field OSt
005 - DATE AND TIME OF LATEST TRANSACTION
control field 20220918171958.0
008 - FIXED-LENGTH DATA ELEMENTS--GENERAL INFORMATION
fixed length control field 220917b |||||||| |||| 00| 0 eng d
020 ## - INTERNATIONAL STANDARD BOOK NUMBER
International Standard Book Number 9788193145302 (hbk)
037 ## - SOURCE OF ACQUISITION
Terms of availability Textual
040 ## - CATALOGING SOURCE
Original cataloging agency ARTS
Transcribing agency ARTS
Language of cataloging eng
041 ## - LANGUAGE CODE
Source of code eng
Language code of text/sound track or separate title eng
100 ## - MAIN ENTRY--PERSONAL NAME
Personal name Mangla P. B.
9 (RLIN) 39645
245 #0 - TITLE STATEMENT
Title Public library service in Delhi
Remainder of title present status and development plan 2010 - 2020
260 ## - PUBLICATION, DISTRIBUTION, ETC.
Place of publication, distribution, etc. Kolkata
Name of publisher, distributor, etc. Raja Rammohun Roy Library Foundation India
Date of publication, distribution, etc. 2012
300 ## - PHYSICAL DESCRIPTION
Extent xii,487p.
Dimensions cm.
490 ## - SERIES STATEMENT
Volume/sequential designation Part 1
650 ## - SUBJECT ADDED ENTRY--TOPICAL TERM
Topical term or geographic name entry element LIBRARY SCIENCE; PUBLIC LIBRARIES - DELHI
9 (RLIN) 39646
942 ## - ADDED ENTRY ELEMENTS (KOHA)
Classification part 22:8.281, Q6
Koha item type Textual
Source of classification or shelving scheme Colon Classification (CC)
Holdings
Withdrawn status Lost status Damaged status Not for loan Home library Current library Date acquired Source of acquisition Serial Enumeration / chronology Total Checkouts Full call number Barcode Date last seen Price effective from Koha item type
        Arts Library Arts Library 2022-09-18 1367, 14/03/2017, Bright Book Service Part 1   22:8.281 Q6 AL1630692 2022-09-18 2022-09-18 Textual
Copyright @ Delhi University Library System